000
00274nam a2200109Ia 4500
008
200302s9999 xx 000 0 und d
100
_a
Lisa Lovatt- Smith
245
_a
New York Living
260
_b
An Imprint of Harper Collins Publishers
260
_c
1999
300
_a
214 P.,
999
_c
2028
_d
2028